Hurricane Drunk Lyrics (Florence + the Machine) - Statistics

General Stats
  • This quiz has been taken 98 times
  • The average score is 223 of 260
Answer Stats
Answer % Correct
I
100%
a
97%
an
95%
and
95%
hurricane
95%
in
95%
the
95%
can
92%
I'm
92%
No
92%
no
92%
to
92%
can't
89%
cause
89%
drink
89%
gonna
89%
it
89%
it's
89%
me
89%
myself
89%
of
89%
you
89%
any
87%
but
87%
going
87%
hurt
87%
keep
87%
protected
87%
see
87%
so
87%
then
87%
at
84%
away
84%
blow
84%
death
84%
else
84%
know
84%
out
84%
someone
84%
because
82%
between
82%
crowd
82%
get
82%
think
82%
with
82%
worse
82%
brace
79%
now
79%
through
79%
walls
79%
all
76%
least
76%
like
76%
nothing
76%
when
76%
down
74%
from
74%
hold
74%
on
74%
rain
74%
sleep
74%
this
74%
alive
71%
belong
71%
dead
71%
look
71%
felt
68%
never
68%
staring
68%
grip
63%
her
63%
over
63%
right
63%
save
63%
storm
63%
shelter
61%
that
61%
don't
55%
head
55%
kiss
53%
lean
53%
want
53%
hope
50%
calm
29%
No matching quizzes found
Score Distribution
Percent of People with Each Score
Percentile by Number Answered
Your Score History
You have not taken this quiz